| Tag |
First Indicator |
Second Indicator |
Subfields |
| LEADER |
00000cam a2200000 a 4500 |
| 001 |
in00000018973 |
| 005 |
20151007054124.0 |
| 008 |
870803s1988 nyu b 00110 eng |
| 010 |
|
|
|a 87022437
|
| 020 |
|
|
|a 0876304854
|
| 035 |
|
|
|a (OCoLC)16468498
|
| 035 |
|
|
|9 AAB4054AM
|
| 040 |
|
|
|a DLC
|c DLC
|d VET
|d TXA
|d UtOrBLW
|
| 049 |
|
|
|a TXAM
|c [A11495710]
|
| 050 |
0 |
0 |
|a RC537
|b .Y36 1988
|
| 082 |
0 |
|
|a 616.85/27
|2 19
|
| 100 |
1 |
|
|a Yapko, Michael D.
|
| 245 |
1 |
0 |
|a When living hurts :
|b directives for treating depression /
|c by Michael D. Yapko.
|
| 264 |
|
1 |
|a New York :
|b Brunner/Mazel,
|c [1988]
|
| 264 |
|
4 |
|c ©1988
|
| 300 |
|
|
|a xiii, 221 pages ;
|c 24 cm.
|
| 336 |
|
|
|a text
|b txt
|2 rdacontent
|
| 337 |
|
|
|a unmediated
|b n
|2 rdamedia
|
| 338 |
|
|
|a volume
|b nc
|2 rdacarrier
|
| 504 |
|
|
|a Bibliography: pages 213-217.
|
| 500 |
|
|
|a Includes index.
|
| 650 |
|
0 |
|a Depression, Mental
|x Treatment.
|
| 650 |
|
0 |
|a Brief psychotherapy.
|
| 999 |
|
|
|a MARS
|
| 999 |
f |
f |
|s 565bf7b3-894f-323d-b9b0-88cfdeb7ddb8
|i 06fdfc28-457e-3778-b3b9-3303043afa07
|t 0
|
| 952 |
f |
f |
|p ric
|a Texas A&M University
|b Rellis Campus
|c Joint Library Facility
|s JLF
|d Remote Storage
|t 0
|e RC537 .Y36 1988
|h Library of Congress classification
|i unmediated -- volume
|m A14827006197
|
| 998 |
f |
f |
|a RC537 .Y36 1988
|t 0
|l Remote Storage
|